[Event "Decin op-A"]
[Site "Decin"]
[Date "1998.??.??"]
[Round "8"]
[White "Kernazhitsky, Leonid"]
[Black "Voloshin, Leonid"]
[Result "0-1"]
[WhiteElo "2425"]
[BlackElo "2440"]

1.e4 g6 2.d4 Bg7 3.Nc3 d6 4.Be3 c6 5.Qd2 b5 6.f3 Qa5 7.Bd3 a6 8.Nge2 Nd7
9.O-O Qc7 10.a4 b4 11.Nd1 c5 12.dxc5 dxc5 13.c3 c4 14.Bb1 b3 15.Bf4 e5 16.Bg3 Ngf6
17.Ne3 Bb7 18.Rd1 O-O 19.Qd6 Rfc8 20.Qxc7 Rxc7 21.a5 Bh6 22.Kf2 Bxe3+ 23.Kxe3 Bc6
24.f4 Nh5 25.fxe5 Nxg3 26.Nxg3 Nxe5 27.Ne2 Re8 28.Nf4 Rd7 29.Nd5 Kg7 30.Rd4 Bb5
31.h3 g5 32.Nb6 Rc7 33.Rd6 Rc6 34.Rd5 f6 35.Kd4 Rc7 36.Rd6 Nd3 37.Ke3 Nc5
38.Nd5 Rc6 39.Nxf6 Rxd6 40.Nxe8+ Bxe8 41.Ke2 Bb5  0-1

[Event "Dieren op"]
[Site "Dieren"]
[Date "1998.??.??"]
[Round "2"]
[White "Van Delft, Merijn"]
[Black "Dzhumaev, Murat"]
[Result "1-0"]
[WhiteElo "2240"]
[BlackElo "2400"]

1.e4 g6 2.d4 Bg7 3.Nc3 d6 4.Be3 c6 5.Qd2 Nd7 6.Nf3 b5 7.Bd3 Bb7 8.O-O-O b4
9.Ne2 Qa5 10.Kb1 c5 11.Ng3 Rc8 12.Qe2 Ngf6 13.h4 Ng4 14.h5 Nxe3 15.fxe3 O-O
16.hxg6 hxg6 17.Nh4 e6 18.e5 dxe5 19.Nxg6 fxg6 20.Bxg6 Qc7 21.Qh5 Nf6 22.Bh7+ Kh8
23.Qh3 Bh6 24.Bd3 Ng8 25.Qxe6 Rf6 26.Qxf6+ Nxf6 27.Rxh6+ Kg8 28.Rxf6 Bd5
29.Rg6+ Kf7 30.Rf1+ Ke8 31.Nh5 Kd8 32.Rg7 Qd6 33.Rf6 Be6 34.Rh6  1-0

[Event "Dieren op"]
[Site "Dieren"]
[Date "1998.??.??"]
[Round "3"]
[White "Hendriks, Willy"]
[Black "Nijboer, Friso"]
[Result "0-1"]
[WhiteElo "2345"]
[BlackElo "2580"]

1.e4 d6 2.d4 g6 3.Nc3 Bg7 4.Nf3 Nf6 5.Be2 O-O 6.O-O c6 7.a4 Nbd7 8.Be3 e5
9.dxe5 dxe5 10.Nd2 Ne8 11.Nc4 Nc7 12.Nd6 Ne6 13.Bc4 Qe7 14.Ne2 Nf6 15.f3 Bd7
16.c3 b6 17.Ba2 Rad8 18.Nc4 Bc8 19.Qc2 Nh5 20.Rad1 Nef4 21.Nxf4 Nxf4 22.Rxd8 Rxd8
23.Rd1 Rxd1+ 24.Qxd1 Be6 25.Bb3 Bf8 26.g3 Nh5 27.Qd3 Ng7 28.Bc2 Bc8 29.Qe2 h5
30.b4 f6 31.Qd2 Ne6 32.Bb3 Kh7 33.h4 Qc7 34.Nb2 Be7 35.Nd1 a5 36.Nb2 axb4
37.cxb4 Nd4 38.Bxd4 exd4 39.f4 Qd7 40.Nd3 c5 41.f5 Qe8 42.bxc5 bxc5 43.Qf4 gxf5
44.Qf3 Bd6 45.exf5 Ba6 46.Be6 c4 47.Nf4 Bxf4 48.Qxf4 d3 49.Qc7+ Kh8 50.Qa5 Bb7
51.Qc3 Qd8 52.Qd2 Kg7 53.Qb2 d2 54.Qxb7+ Kh6  0-1

[Event "Dieren op"]
[Site "Dieren"]
[Date "1998.??.??"]
[Round "7"]
[White "Pel, Bonno"]
[Black "Jonker, Marc"]
[Result "1/2-1/2"]
[WhiteElo "2140"]
[BlackElo "2285"]

1.Nc3 d6 2.e4 g6 3.d4 Bg7 4.Be3 a6 5.h4 b5 6.h5 Bb7 7.f3 Nd7 8.a4 b4 9.Nce2 c5
10.c3 cxd4 11.Bxd4 e5 12.Be3 d5 13.cxb4 dxe4 14.Nc3 exf3 15.Nxf3 Ngf6 16.hxg6 hxg6
17.Rxh8+ Bxh8 18.Qb3 Ng4 19.Ng5 Qe7 20.Bd2 e4 21.Nd5 Bxd5 22.Qxd5 Rd8 23.Qxe4 Nde5
24.Bxa6 f5 25.Qe2 Rxd2 26.Kxd2 Qxg5+ 27.Kc2 Ne3+ 28.Kb3 Kf8 29.Rc1 Bf6 30.Rc8+ Kg7
31.Rc7+ Kh6 32.Bb7 Qf4 33.Qd2 N5g4 34.Rc1 Qb8 35.Rh1+ Kg5 36.Bf3 Qg8+ 37.Ka3 f4
38.b3 Ne5 39.Rc1 Qe6 40.Rc5 Qf5 41.g3 Be7 42.g4 Qf6 43.Rb5 Kh6 44.Qh2+ Kg7
45.Rb8 Nf7 46.Qb2 Ne5 47.Qh2 Nf7 48.Qb2 Ne5 49.Qh2  1/2-1/2

[Event "Sparkasse op"]
[Site "Dortmund"]
[Date "1998.??.??"]
[Round "?"]
[White "Feigin, Mihail"]
[Black "Nowik, Volker"]
[Result "1/2-1/2"]
[WhiteElo "2515"]
[BlackElo "2125"]

1.e4 d6 2.d4 g6 3.Nc3 Bg7 4.Bg5 h6 5.Bh4 a6 6.a4 c5 7.d5 Qa5 8.Qd2 Nf6 9.f4 Qb4
10.Bd3 Nh5 11.Rd1 Bg4 12.Nf3 Bxf3 13.gxf3 Nd7 14.O-O g5 15.fxg5 hxg5 16.Bg3 Bd4+
17.Kg2 Nf4+ 18.Kh1 O-O-O 19.Ne2 Qxd2 20.Rxd2 Be3 21.Rdd1 Rh3 22.e5 Rdh8 23.Rde1 Bd2
24.Rd1 Be3 25.Rde1 Bd2 26.Rd1 Nxe2 27.Bxe2 Rxg3 28.Rxd2 Nxe5 29.Rf2 Kc7 30.Rd1 Rgh3
31.Rg1 f6 32.Rb1 R3h4 33.b3 a5 34.Rd1 f5 35.Rg1 g4 36.fxg4 Nxg4 37.Bxg4 fxg4
38.Rg3 R4h5  1/2-1/2

[Event "Sparkasse op"]
[Site "Dortmund"]
[Date "1998.??.??"]
[Round "?"]
[White "Berov, Arkady"]
[Black "Shpilker, Boris"]
[Result "1/2-1/2"]
[WhiteElo "2490"]
[BlackElo "2375"]

1.e4 d6 2.d4 g6 3.Nc3 Bg7 4.f4 Nf6 5.Nf3 O-O 6.Bd3 Nc6 7.O-O Nh5 8.Ne2 Nb4
9.f5 d5 10.fxg6 fxg6 11.c3 Nxd3 12.Qxd3 Bg4 13.h3 Bxf3 14.Rxf3 Qd7 15.Rxf8+ Rxf8
16.Bg5 Nf6 17.Ng3 dxe4 18.Nxe4 Qd5 19.Nxf6+ Bxf6 20.Bxf6 exf6 21.Qe2 f5 22.b3 Qc6
23.Qd2 f4 24.Rf1 f3 25.g3 Qe6 26.Kh2 Qe4 27.Rf2 h5 28.h4 Kh7 29.Rf1 g5 30.hxg5  1/2-1/2

[Event "Sparkasse op"]
[Site "Dortmund"]
[Date "1998.??.??"]
[Round "?"]
[White "Kharitonov, Alexander"]
[Black "Shpilker, Boris"]
[Result "0-1"]
[WhiteElo "2185"]
[BlackElo "2375"]

1.e4 g6 2.d4 d6 3.Nc3 Bg7 4.Bg5 Nc6 5.d5 Nd4 6.Nb1 c6 7.c3 Nb5 8.Bxb5 cxb5
9.Na3 a6 10.Ne2 Nf6 11.f3 Qb6 12.Nc2 O-O 13.Qd2 Re8 14.Be3 Qc7 15.Bh6 Bh8
16.h4 e6 17.dxe6 Bxe6 18.Bf4 Rad8 19.a3 Qc5 20.O-O-O d5 21.e5 Nd7 22.Be3 Qc7
23.h5 Nxe5 24.Bd4 Bf5 25.Ne3 Nc4 26.Nxc4 dxc4 27.hxg6 fxg6 28.Qg5 Rxe2 29.Rxh7 Bxd4
30.cxd4 Rc2+ 31.Kb1 Rxg2+ 32.Qxf5 Qxh7 33.Qe6+ Qf7 34.Qh3 Qf5+  0-1

[Event "Sparkasse op"]
[Site "Dortmund"]
[Date "1998.??.??"]
[Round "?"]
[White "Schebler, Gerhard"]
[Black "Siebrecht, Sebastian"]
[Result "1/2-1/2"]
[WhiteElo "2450"]
[BlackElo "2365"]

1.d4 g6 2.e4 Bg7 3.Nc3 d6 4.Nf3 a6 5.Bd3 b5 6.O-O Nd7 7.a4 b4 8.Nd5 a5 9.Re1 c6
10.Ne3 c5 11.d5 Ngf6 12.Bb5 O-O 13.Nc4 Bb7 14.Bg5 h6 15.Bh4 g5 16.Bg3 Nb6
17.Nxb6 Qxb6 18.Nd2 Qd8 19.h4 e5 20.dxe6 fxe6 21.hxg5 hxg5 22.e5 dxe5 23.Rxe5 Qd4
24.c3 bxc3 25.bxc3 Qxc3 26.Rc1 Qd4 27.Rc4 Qd8 28.Rxg5 Ne4 29.Rxg7+ Kxg7 30.Qg4+ Ng5
31.Be5+ Kg6 32.Bc3 Rf5 33.Nf1 Qd5 34.Ne3 Qd3 35.Nxf5 exf5 36.Qf4 Bxg2 37.Rxc5 Nh3+
38.Kh2 Nxf4 39.Bxd3 Nxd3 40.Rc7 Be4 41.Kg3 Kh6 42.Bd2+ Kh5 43.Rg7 f4+ 44.Bxf4 Nxf4
45.Kxf4 Bc2 46.Ke3 Bxa4 47.Kd2 Bb3 48.Kc3 a4 49.Rg1 Be6 50.Kb2 a3+ 51.Ka1 Rf8
52.Re1 Rf6 53.Re3 a2 54.Rg3 Rxf2 55.Rh3+ Kg6 56.Rh6+ Kf7 57.Rh7+ Kf8 58.Rh8+ Ke7
59.Re8+ Kd7 60.Rd8+ Kxd8  1/2-1/2

[Event "Sparkasse op"]
[Site "Dortmund"]
[Date "1998.??.??"]
[Round "?"]
[White "Siebrecht, Sebastian"]
[Black "Haub, Thorsten Michael"]
[Result "1-0"]
[WhiteElo "2365"]
[BlackElo "2435"]

1.e4 g6 2.d4 Bg7 3.Nc3 d6 4.Nf3 Nd7 5.h3 e6 6.Bf4 a6 7.a4 b6 8.Be2 Bb7 9.O-O Ne7
10.Re1 h6 11.Qd2 g5 12.Bg3 Ng6 13.Bc4 Nf6 14.Bb3 Nh5 15.Bh2 O-O 16.Rad1 Qe7
17.Nb1 b5 18.axb5 axb5 19.Na3 Nf6 20.e5 Ne4 21.Qb4 dxe5 22.Qxe7 Nxe7 23.Nxb5 exd4
24.Nfxd4 c5 25.Nxe6 fxe6 26.Bxe6+ Kh8 27.Rd7 Bc6 28.Rxe7 Rxf2 29.Nd6 Re2
30.Nf7+ Kh7 31.Bf5+ Kg8 32.Nxh6+ Bxh6 33.Be6+ Kf8 34.Rf7+ Ke8 35.Rxe2 Bg7
36.Bd6 Bd4+ 37.Kh2 Nxd6 38.Bd5+ Kd8 39.Bxc6 Nxf7 40.Re8+ Kc7 41.Bxa8 Nd6
42.Rg8  1-0

[Event "Dos Hermanas op"]
[Site "Dos Hermanas"]
[Date "1998.??.??"]
[Round "6"]
[White "Perez Garcia, R."]
[Black "Komljenovic, Davor"]
[Result "0-1"]
[WhiteElo "2085"]
[BlackElo "2425"]

1.e4 g6 2.d4 Bg7 3.Nc3 d6 4.g3 Nc6 5.Be3 e5 6.d5 Nce7 7.Qd2 f5 8.f3 Nf6 9.Bc4 O-O
10.O-O-O Bd7 11.Bh6 Bxh6 12.Qxh6 b5 13.Nxb5 fxe4 14.Qd2 Qb8 15.Nc3 Qb4 16.Bb3 Rab8
17.a3 Qb6 18.fxe4 a5 19.a4 Qc5 20.Nf3 Rxb3 21.cxb3 Nxe4 22.Qe1 Nxc3 23.Qxc3 Qxc3+
24.bxc3 Rxf3 25.Kb2 Rf8 26.Ka3 Ra8 27.Rhe1 Nc8 28.Re4 Nb6 29.g4 Be8 30.h4 Bf7
31.c4 Nd7 32.g5 Nc5 33.Re3 Be8 34.Rf1 Bd7 35.Rf6 Bf5 36.h5 Nd7  0-1

[Event "BUL-ch"]
[Site "Dupnica"]
[Date "1998.??.??"]
[Round "10"]
[White "Delchev, Aleksander"]
[Black "Chatalbashev, Boris"]
[Result "1/2-1/2"]
[WhiteElo "2545"]
[BlackElo "2550"]

1.e4 g6 2.d4 Bg7 3.Nc3 d6 4.Be3 a6 5.Qd2 Nd7 6.Nf3 b5 7.a4 b4 8.Ne2 c5 9.Ng3 Bb7
10.c3 bxc3 11.bxc3  1/2-1/2

[Event "Centrocoop June op-A"]
[Site "Eforie Nord "]
[Date "1998.??.??"]
[Round "?"]
[White "Sebe, Florin"]
[Black "Ghinda, Mihail Viorel"]
[Result "0-1"]
[WhiteElo "2215"]
[BlackElo "2470"]

1.e4 g6 2.d4 Bg7 3.Nc3 d6 4.g3 Nc6 5.Be3 e5 6.dxe5 Nxe5 7.f4 Nc6 8.Nge2 Nf6
9.h3 O-O 10.Bg2 Re8 11.O-O Bd7 12.g4 h6 13.Qd2 b5 14.a3 a5 15.Ng3 Rb8 16.Rad1 b4
17.axb4 axb4 18.Nd5 Nxd5 19.exd5 Na5 20.Bd4 Nc4 21.Qf2 Bxd4 22.Qxd4 Ne3 23.Ne4 Rxe4
24.Bxe4 Nxd1 25.Rxd1 Qe7 26.Kg2 Re8 27.Bd3 h5 28.Rh1 c5 29.Qc4 Qe3  0-1

[Event "Centrocoop June op-A"]
[Site "Eforie Nord "]
[Date "1998.??.??"]
[Round "?"]
[White "Kutnik, Alexandru"]
[Black "Ghinda, Mihail Viorel"]
[Result "0-1"]
[WhiteElo "2270"]
[BlackElo "2470"]

1.e4 g6 2.d4 Bg7 3.Nc3 d6 4.h3 a6 5.Nge2 b5 6.a3 Bb7 7.g4 Nd7 8.Ng3 e5 9.d5 Ne7
10.Be3 c6 11.dxc6 Nxc6 12.Bg2 Nd4 13.Nd5 O-O 14.c3 Ne6 15.h4 Nf6 16.Nxf6+ Qxf6
17.g5 Qe7 18.Qd2 Rad8 19.O-O-O Nf4 20.Bh3 Qc7 21.f3 d5 22.Qc2 Nxh3 23.Rxh3 d4
24.Bd2 d3 25.Qb1 a5 26.Be1 b4 27.Rh2 bxa3 28.b3 Ba6 29.Qa2 a4 30.b4 Bc4 31.Qxa3 Bb3
32.Rdd2 Qxc3+ 33.Kb1 Rb8 34.Qc1 Bc2+ 35.Ka2 Rfc8 36.Qb2 Qc4+ 37.Ka3 Rxb4
38.Rxc2 Rb3+ 39.Ka2  0-1

[Event "Centrocoop June op-A"]
[Site "Eforie Nord "]
[Date "1998.??.??"]
[Round "?"]
[White "Khokhlov, Veceslav"]
[Black "Manea, Alexandru"]
[Result "0-1"]
[WhiteElo "2175"]
[BlackElo "2220"]

1.e4 g6 2.d4 Bg7 3.Nc3 d6 4.g3 Nc6 5.Be3 Nf6 6.h3 a6 7.Bg2 O-O 8.Nge2 e5
9.O-O Bd7 10.Rb1 exd4 11.Nxd4 Re8 12.f4 Nxe4 13.Nxe4 d5 14.Qd3 dxe4 15.Bxe4 Nxd4
16.Bxd4 Bb5  0-1

[Event "Centrocoop Sept op-A"]
[Site "Eforie Nord"]
[Date "1998.??.??"]
[Round "?"]
[White "Potkin, Alexey V"]
[Black "Puskas, Janos"]
[Result "1-0"]
[WhiteElo "2325"]
[BlackElo "2100"]

1.e4 d6 2.d4 g6 3.Nc3 Bg7 4.Nf3 a6 5.Be2 b5 6.O-O Bb7 7.a3 Nd7 8.Re1 c5 9.Be3 cxd4
10.Bxd4 Ngf6 11.e5 dxe5 12.Nxe5 Nxe5 13.Bxe5 O-O 14.Qxd8 Rfxd8 15.Rad1 Rac8
16.Bd3 Rd7 17.f3 Rcd8 18.Bf1 Rxd1 19.Rxd1 Rxd1 20.Nxd1 Nd7 21.Bxg7 Kxg7 22.Kf2 e5
23.Ke3 Nb6 24.b3 f5 25.Nb2 Kf6 26.Nd3 Nd5+ 27.Kd2 f4 28.Nc5 Ne3 29.Bxb5 Bxf3
30.gxf3 axb5 31.Ne4+ Ke7 32.Nc3 g5 33.h3 b4 34.axb4 h5 35.Ne4 g4 36.fxg4 hxg4
37.hxg4 Nxg4 38.b5 Kd7 39.c4 Ne3 40.Kd3 Nf5 41.c5 Kc7 42.b4 Kd7 43.Nf6+ Kc8
44.Ng4 Nd4 45.Nxe5 Nxb5 46.Kc4 Na3+ 47.Kd5 Nb5 48.Nd3 f3 49.Ke4 Kc7 50.Kxf3 Kc6
51.Ke4 Nc7 52.Ke5 Nb5 53.Nf4 Nc7 54.Ne6 Na6 55.Nd4+ Kc7 56.Nc2 Kc6 57.Kd4 Nc7
58.Kc4 Kb7 59.b5 Ne6 60.Nd4 Nc7 61.b6 Na6 62.Kb5 Nb8 63.c6+ Kc8 64.Ne6  1-0

[Event "Centrocoop Sept op-A"]
[Site "Eforie Nord"]
[Date "1998.??.??"]
[Round "?"]
[White "Romcovici, Victor"]
[Black "Dumitrache, Dragos"]
[Result "1-0"]
[WhiteElo "2175"]
[BlackElo "2420"]

1.e4 g6 2.Nc3 Bg7 3.d4 d6 4.Be3 a6 5.f4 b5 6.Be2 Bb7 7.Bf3 Nd7 8.e5 Qc8 9.Nh3 Nh6
10.O-O Nf5 11.Bf2 h5 12.e6 fxe6 13.Bxb7 Qxb7 14.Ng5 Nf8 15.Re1 Kd7 16.a4 b4
17.Nce4 Qd5 18.c3 bxc3 19.bxc3 c5 20.Qf3 cxd4 21.Nxe6 Qxe6 22.Ng5 Qc4 23.Qb7+ Qc7
24.Qxa8 Nh7 25.Qxa6 Nxg5 26.fxg5 dxc3 27.Rab1 Rb8 28.Rxb8 Qxb8 29.Qc4 Be5
30.a5 Qc7 31.Qa2 Nd4 32.a6 c2 33.a7 c1=Q 34.a8=Q Q7c6 35.Q2g8 Q6c2 36.Qgf8 Qxf2+
37.Kxf2 Qc2+ 38.Kg1 Nf3+ 39.Qaxf3  1-0

[Event "Centrocoop June op-B"]
[Site "Eforie Nord"]
[Date "1998.??.??"]
[Round "?"]
[White "Zhadko, Vladimir"]
[Black "Fufulyan, G."]
[Result "1-0"]
[WhiteElo "2150"]
[BlackElo "2105"]

1.e4 d6 2.d4 g6 3.Nc3 Bg7 4.Be3 Nf6 5.h3 O-O 6.Nge2 Nbd7 7.g4 c5 8.Bg2 Rb8
9.dxc5 Nxc5 10.O-O b6 11.Ng3 Bd7 12.Rb1 Qc8 13.Re1 b5 14.e5 dxe5 15.g5 Nh5
16.Nxh5 gxh5 17.Bxc5 Qxc5 18.Qxd7 Rbd8 19.Qxb5  1-0

[Event "Centrocoop June op-B"]
[Site "Eforie Nord"]
[Date "1998.??.??"]
[Round "?"]
[White "Manu, Alina"]
[Black "Moldoveanu, N."]
[Result "1-0"]
[WhiteElo "2035"]
[BlackElo "1690"]

1.e4 d6 2.d4 g6 3.Nc3 Bg7 4.Nf3 c6 5.a4 Nf6 6.h3 a5 7.g3 Na6 8.Bg2 Nb4 9.O-O O-O
10.Be3 Re8 11.Qe2 Be6 12.Ng5 Bd7 13.f4 Nh5 14.Qf2 Qc8 15.f5 Rf8 16.g4 Nf6
17.e5 dxe5 18.dxe5 Nfd5 19.Nxd5 Nxd5 20.Bxd5 cxd5 21.Qh4 h6 22.fxg6 fxg6
23.Rxf8+ Bxf8 24.Nf3 Kh7 25.Rf1 d4 26.Bxh6 Kg8 27.Ng5 Bf5 28.Bxf8  1-0

[Event "Centrocoop Sept op-B"]
[Site "Eforie Nord"]
[Date "1998.??.??"]
[Round "?"]
[White "Todirel, Ileana Sinziana"]
[Black "Calota, Alina"]
[Result "1-0"]
[WhiteElo "2135"]
[BlackElo "2175"]

1.e4 g6 2.d4 Bg7 3.Nc3 d6 4.g3 c6 5.Bg2 Qa5 6.Ne2 b5 7.O-O Nd7 8.Be3 Rb8
9.a3 Qc7 10.b3 Ngf6 11.h3 O-O 12.Qd2 c5 13.d5 a5 14.Rab1 b4 15.axb4 axb4
16.Na4 Ba6 17.Nb2 Nb6 18.Nd3 Nfd7 19.Bh6 Bxd3 20.cxd3 Bxh6 21.Qxh6 Ne5 22.Qe3 Ra8
23.d4 Ned7 24.dxc5 Qxc5 25.Nd4 Qc7 26.Nc6 Rfe8 27.Rfc1 Qb7 28.Nxb4 Ra3 29.Rc3 Nc5
30.Nc2 Ra2 31.Rc1 Rb8 32.Nb4 Rb2 33.Nc6 Ra8 34.b4 Na6 35.Rb3 Ra2 36.Ra3 Rxa3
37.Qxa3 Nb8 38.Qc3 Na4 39.Qd4 Na6 40.Ra1 Nb8 41.Na5 Qd7 42.Bf1 Na6 43.Bd3 Nc7
44.Bc2 Rxa5 45.bxa5 Nc5 46.Kg2 f6 47.Rb1 N7a6 48.Bd3 Nc7 49.Rb6 Qc8 50.Rc6 Qb7
51.Be2 Kf7 52.Rb6 Qa7 53.Qb4 Na8 54.Rc6 Nd7 55.Ra6  1-0

[Event "Centrocoop Sept op-A"]
[Site "Eforie Nord"]
[Date "1998.??.??"]
[Round "?"]
[White "Popescu, Gheorghe"]
[Black "Deseatnicov, Ivan"]
[Result "1/2-1/2"]
[WhiteElo "2250"]
[BlackElo "2185"]

1.e4 g6 2.d4 Bg7 3.Nc3 d6 4.Be3 c6 5.Qd2 b5 6.Bd3 Nf6 7.Bh6 O-O 8.Bxg7 Kxg7
9.f4 d5 10.e5 Ng8 11.O-O-O f5 12.Nf3 e6 13.h3 a5 14.g4 Ra7 15.Rdg1 Kf7 16.gxf5 gxf5
17.Rg3 Ke8 18.Rhg1 Nh6 19.Qf2 a4 20.Rg5 b4 21.Nd1 Nf7 22.Rg7 Rb7 23.Nd2 Nh6
24.R7g5 Qe7 25.Be2 Kd8 26.Rh5 Ng8 27.Rhg5 Nh6 28.Rh5 Ng8 29.Rg3 h6 30.Qg1 Qh7
31.Rg6 Re7 32.Rh4 Bd7 33.Nf3 Qf7 34.Rg3 Bc8 35.Nf2 Rb7 36.Nd3 Na6 37.Kb1 Qh7
38.Ng5 Qe7 39.Nf3 Bd7 40.Nde1 Nb8 41.Nd3 Na6 42.Nde1 Nc7 43.Nd3 Na8 44.Rg7 Qe8  1/2-1/2

[Event "Centrocoop Sept op-A"]
[Site "Eforie Nord"]
[Date "1998.??.??"]
[Round "?"]
[White "Tincu, Radu"]
[Black "Berezovics, Alexander"]
[Result "1/2-1/2"]
[WhiteElo "2210"]
[BlackElo "2355"]

1.d4 d6 2.e4 g6 3.Nc3 Bg7 4.Be3 c6 5.Qd2 b5 6.f3 Nd7 7.Nh3 Qc7 8.Nf2 Ngf6
9.Bh6 O-O 10.h4 e5 11.Ne2 Bxh6 12.Qxh6 Qa5+ 13.Kd1 d5 14.h5 Qb4 15.hxg6 fxg6
16.Nd3 Qe7 17.exd5 cxd5 18.dxe5 Nxe5 19.Qe3 Re8 20.Qxe5 Qxe5 21.Nxe5 Rxe5
22.Nd4 Bd7 23.Kd2 a6 24.Bd3 h5 25.Rae1 Rg5 26.Re2 Re8 27.Rf2 Kg7 28.c3 Rge5
29.Re2 Rxe2+ 30.Nxe2 g5 31.Bc2 h4 32.Bb3 Nh5 33.Rd1 Re5 34.Bc2 Kf6 35.Bd3 Ke7
36.Re1 Kd6 37.a3 a5 38.Rh1 Kc5 39.b4+ Kb6 40.Ra1 axb4 41.axb4 Re8 42.Nd4 Nf4
43.Bf1 Ne6 44.Nc2 Rg8 45.Ne3 Bc6 46.Nf5 Rf8 47.Re1 Nf4 48.Nd4 Ra8 49.Nc2 Be8
50.Ra1 Ra4 51.Rxa4 bxa4 52.Na3 Bg6 53.Ke3 Kc6 54.Bb5+ Kd6  1/2-1/2

[Event "Centrocoop Sept op-A"]
[Site "Eforie Nord"]
[Date "1998.??.??"]
[Round "?"]
[White "Tincu, Radu"]
[Black "Grigore, Nicolae Petre"]
[Result "1-0"]
[WhiteElo "2210"]
[BlackElo "2265"]

1.d4 d6 2.e4 g6 3.Nc3 Bg7 4.Be3 Nf6 5.f3 c6 6.Qd2 Qa5 7.g4 h5 8.g5 Nh7 9.h4 O-O
10.Nge2 Nd7 11.Ng3 c5 12.Nd5 Qxd2+ 13.Kxd2 cxd4 14.Nxe7+ Kh8 15.Bf2 Ne5 16.Be2 b5
17.Rad1 Be6 18.Kc1 d3 19.Bxd3 Nxf3 20.Kb1 Ne5 21.Be2 Bc4 22.Rhe1 a5 23.Nd5 Ra6
24.Bxc4 bxc4 25.Bd4 Rb8 26.Re3 Nf8 27.Nf4 Kg8 28.Ka1 a4 29.Ra3 Rb7 30.Nge2 Rb8
31.Nc3 Re8 32.Ncd5 Rb8 33.Rf1 Rb7 34.Nc3 Ng4 35.Bxg7 Kxg7 36.Rxa4 Rab6 37.b3 Ne3
38.Rf2 cxb3 39.cxb3 Rc6 40.Nfd5 Nxd5 41.Nxd5 Rc1+ 42.Kb2 Rh1 43.Nf6 Rxh4
44.Ne8+ Kg8 45.Nxd6 Rd7 46.Ne8 Rd8 47.Nf6+ Kg7 48.b4 Ne6 49.b5 Nc5 50.Ra3 Nd3+
51.Rxd3 Rxd3 52.Rc2 Rf4 53.a4 Rd8 54.b6 h4 55.a5 Rb8 56.Nd7 Rb7 57.Nc5 Rb8
58.b7 Rxe4 59.Nxe4 Rxb7+ 60.Ka3 Re7 61.Nc5 f6 62.gxf6+ Kxf6 63.Rf2+ Kg5 64.Nd3  1-0

[Event "FIN-ch"]
[Site "FIN"]
[Date "1998.??.??"]
[Round "2"]
[White "Kokkila, Tero"]
[Black "Tuominen, Risto"]
[Result "1-0"]
[WhiteElo "2270"]
[BlackElo "2190"]

1.e4 g6 2.d4 Bg7 3.Nc3 d6 4.Be3 a6 5.Qd2 Nd7 6.Nf3 b5 7.a4 b4 8.Ne2 a5 9.Ng3 Bb7
10.Bd3 c5 11.c3 Ngf6 12.Bh6 Bxh6 13.Qxh6 Qc7 14.cxb4 axb4 15.O-O e5 16.dxe5 Nxe5
17.Bb5+ Bc6 18.Nxe5 dxe5 19.f4 Bxb5 20.axb5 Rxa1 21.Rxa1 Ke7 22.Ra6 Nd7 23.Qh4+ Kf8
24.Ra8+ Kg7 25.Nf5+  1-0

[Event "FIN-ch"]
[Site "FIN"]
[Date "1998.??.??"]
[Round "5"]
[White "Tuominen, Risto"]
[Black "Kallio, Heikki"]
[Result "1/2-1/2"]
[WhiteElo "2190"]
[BlackElo "2330"]

1.d4 g6 2.e4 Bg7 3.Nc3 d6 4.f4 c6 5.Nf3 b5 6.Bd3 Bg4 7.e5 d5 8.O-O e6 9.h3 Bf5
10.g4 Bxd3 11.Qxd3 Ne7 12.Be3 h5 13.a4 b4 14.Ne2 a5 15.Ng3 Nd7 16.f5 hxg4
17.hxg4 exf5 18.gxf5 Rh3 19.Kg2 Rxg3+ 20.Kxg3 Nxf5+ 21.Kg2 Qb6 22.Bg5 Nf8
23.c3 Ne6 24.Nh4 Nxg5 25.Nxf5 gxf5 26.Qxf5 Qd8 27.e6 Ra7 28.Rae1 Kf8 29.Re3 Ne4
30.Rxe4 dxe4 31.Qc5+ Kg8 32.Qxa7 Qg5+ 33.Kh3 Qh6+ 34.Kg3 Qg5+ 35.Kh3 Qh5+
36.Kg3 Qg6+ 37.Kh2 Qh5+ 38.Kg3 Qg6+ 39.Kh2  1/2-1/2

[Event "FIN-chT 9798"]
[Site "Finland"]
[Date "1998.??.??"]
[Round "6"]
[White "Kokkila, Tero"]
[Black "Tuominen, Risto"]
[Result "0-1"]
[WhiteElo "2285"]
[BlackElo "2160"]

1.e4 g6 2.d4 Bg7 3.Nc3 d6 4.Be3 a6 5.f4 Nd7 6.Nf3 b5 7.Bd3 c5 8.a4 b4 9.Ne2 Bb7
10.O-O Ngf6 11.e5 Ng4 12.Bd2 cxd4 13.exd6 exd6 14.Nexd4 O-O 15.Kh1 Bxd4 16.Qe1 Bxf3
17.Rxf3 Qb6 18.a5 Qa7 19.h3 Nf2+ 20.Kh2 Nxd3 21.Rxd3 Rfe8 22.Qh4 Qc5 23.Rd1 Bxb2
24.Be1 Bf6 25.Qg4 Nf8 26.Rd5 Qxc2 27.Bxb4 Re2 28.Rxd6 Rae8 29.R1d2 Rxd2 30.Bxd2 Ne6
31.Be3 Qe4 32.Qg3 Qc4 33.f5 Bh4 34.Qg4 Qc7 35.fxe6 Qxd6+ 36.Bf4 Qxe6 37.Qxh4  0-1

[Event "FRA-chJM2"]
[Site "FRA"]
[Date "1998.??.??"]
[Round "3"]
[White "Picard, Clement"]
[Black "Borzakian, Manouk"]
[Result "1-0"]
[WhiteElo "2150"]
[BlackElo "2080"]

1.e4 g6 2.d4 Bg7 3.Nc3 d6 4.f4 c6 5.Nf3 Bg4 6.Be3 Qb6 7.Qd2 Bxf3 8.gxf3 Nd7
9.O-O-O Qa5 10.Kb1 b5 11.Rg1 Nb6 12.Qf2 Rb8 13.Bd3 Nc4 14.Bc1 Qb4 15.e5 d5
16.f5 Bh6 17.f4 gxf5 18.Bxf5 e6 19.Bd3 Ne7 20.Qh4 Nf5 21.Bxf5 exf5 22.Ka1 Qf8
23.Qf6 Kd7 24.Qxf5+ Kc7 25.Rg4 Re8 26.Qh5 Re6 27.Rdg1 Rg6 28.Qf5 Rhg8 29.h3 Qe7
30.Qh5 Qb4 31.Rxg6 Rxg6 32.Rxg6 hxg6 33.Qxh6 Na3 34.bxa3 Qxc3+ 35.Kb1 b4
36.Qf8  1-0

[Event "Pyramiden Franken Cup"]
[Site "Fuerth"]
[Date "1998.??.??"]
[Round "2"]
[White "Held, Markus"]
[Black "Hickl, Joerg"]
[Result "0-1"]
[WhiteElo "2245"]
[BlackElo "2540"]

1.e4 g6 2.d4 Bg7 3.Nc3 d6 4.Nf3 Nf6 5.Be2 O-O 6.O-O c5 7.dxc5 dxc5 8.Qxd8 Rxd8
9.Be3 b6 10.Rad1 Nc6 11.Rxd8+ Nxd8 12.Nd2 Nc6 13.f3 Nb4 14.Rc1 Ne8 15.Ndb1 f5
16.a3 Nc6 17.b3 Be6 18.Nd5 Kf8 19.c3 Rd8 20.Rd1 Nd6 21.Bd3 Bf7 22.Bc2 h6
23.h4 e6 24.Nf4 g5 25.hxg5 hxg5 26.Nh3 f4 27.Bc1 Bf6 28.g3 e5 29.Kg2 b5 30.Bd2 Na5
31.c4 Nc6 32.cxb5 Nd4 33.Ba5 Rc8 34.Nc3 Nb7 35.b4 Nxc2 36.Rd7 cxb4 37.axb4 Ne3+
38.Kg1 Nxa5 39.bxa5 Rxc3 40.Rxa7 fxg3 41.Nf2 Rc1+  0-1

[Event "Asia-ch (Women)"]
[Site "Genting Highlands"]
[Date "1998.??.??"]
[Round "?"]
[White "Thipsay, Bagyashree Sathe"]
[Black "Ovezova, Mekhri"]
[Result "1/2-1/2"]
[WhiteElo "2205"]
[BlackElo "2225"]

1.e4 g6 2.d4 Bg7 3.Nc3 d6 4.Bc4 Nf6 5.Qf3 Nc6 6.Nge2 O-O 7.Bg5 Be6 8.Bxe6 fxe6
9.Qh3 Qc8 10.O-O-O e5 11.Qxc8 Raxc8 12.d5 Nd4 13.f3 Nxe2+  1/2-1/2

[Event "Asia-ch (Women)"]
[Site "Genting Highlands"]
[Date "1998.??.??"]
[Round "?"]
[White "Nguyen Thi Thuan Hoa"]
[Black "Roslina, Marmono"]
[Result "1-0"]
[WhiteElo "2210"]
[BlackElo "2065"]

1.e4 g6 2.d4 Bg7 3.Nc3 d6 4.f4 c6 5.Nf3 Nf6 6.Be2 Bg4 7.O-O O-O 8.Kh1 Nbd7
9.e5 Ne8 10.Ng5 Bxe2 11.Qxe2 e6 12.Nce4 d5 13.Ng3 h6 14.Nf3 c5 15.Be3 cxd4
16.Nxd4 a6 17.c3 Rc8 18.Nf3 Nc7 19.Qd2 Kh7 20.Rad1 Na8 21.f5 Nxe5 22.Nxe5 Bxe5
23.Bxh6 Rg8 24.fxg6+ fxg6 25.Rf7+ Bg7 26.Rxb7 Rc7 27.Rxc7 Nxc7 28.Bxg7 Rxg7
29.Qf4 Qe7 30.Rf1 e5 31.Qf6 e4 32.Qxe7 Rxe7 33.Kg1 Kg7 34.Ne2 Re6 35.Nd4 Rb6
36.Rf2 Ne8 37.h3 Nf6 38.Rd2 Kf7 39.Kf2 Ke7 40.Ke3 Kd6 41.g4 Ke5 42.Ne2 Ne8
43.Nf4 Nc7 44.g5 Rd6 45.h4 Kf5 46.Rg2 Nb5 47.h5 d4+ 48.cxd4 Nxd4 49.h6 Nf3
50.h7 Rd8 51.Nd5 Ke5 52.Ne7 Rd3+ 53.Kf2  1-0

[Event "Oberliga Ost A9899"]
[Site "GER"]
[Date "1998.??.??"]
[Round "?"]
[White "Schneider, Henning"]
[Black "Hoffmann, Hendrik"]
[Result "0-1"]
[WhiteElo "2185"]
[BlackElo "2315"]

1.e4 d6 2.d4 g6 3.Nc3 Bg7 4.f4 Nf6 5.Nf3 O-O 6.Be3 b6 7.Bc4 Bb7 8.e5 Ng4
9.Qe2 c5 10.O-O-O Bxf3 11.Qxf3 Nxe3 12.Qxe3 cxd4 13.Qxd4 Nc6 14.Qe4 Na5 15.Bb3 Nxb3+
16.axb3 Qb8 17.Rhe1 dxe5 18.fxe5 e6 19.Rd6 Qc7 20.Qd4 Rfd8 21.Nb5 Qe7 22.Qf4 a6
23.Nc3 Qf8 24.Rxd8 Rxd8 25.g4 Qc5 26.b4 Qd4 27.Qg3 Qxb4 28.g5 a5 29.Ne4 Bxe5
30.Nf6+ Bxf6 31.gxf6 Qd4 32.Rf1 Qc4 33.Rf3 Qe2 34.b3 Rc8 35.Rc3 Qf1+ 36.Kb2 Qxf6  0-1

[Event "Oberliga Sued W9798"]
[Site "GER"]
[Date "1998.??.??"]
[Round "?"]
[White "Ott, Wolfgang"]
[Black "Loncar, Robert"]
[Result "0-1"]
[WhiteElo "2340"]
[BlackElo "2385"]

1.e4 d6 2.d4 g6 3.Nc3 Bg7 4.f3 c6 5.a4 Nf6 6.a5 O-O 7.Bc4 d5 8.Bb3 dxe4 9.fxe4 e5
10.dxe5 Qxd1+ 11.Kxd1 Ng4 12.Ke2 Nxe5 13.Nf3 Nbd7 14.Be3 Re8 15.h3 Nf8 16.Ng5 Ne6
17.Rhf1 Nxg5 18.Bxg5 Be6 19.Ra4 Bxb3 20.cxb3 Nd7 21.Be3 Bf8 22.Rd1 Nf6 23.Kf3 a6
24.Rad4 Bc5 25.Rc4 Bxe3 26.Kxe3 Re5 27.b4 Rae8 28.Kf3 Kg7 29.Rcd4 R8e7 30.R1d2 h5
31.g3 Nh7 32.h4 Nf6 33.Kf4 R5e6 34.Rc2 Ng4 35.Na4 Rf6+  0-1

[Event "Oberliga Nord O9899"]
[Site "GER"]
[Date "1998.??.??"]
[Round "?"]
[White "Hoeckendorf, Hartmut"]
[Black "Thal, Olaf"]
[Result "1-0"]
[WhiteElo "2245"]
[BlackElo "2280"]

1.e4 g6 2.d4 Bg7 3.Nc3 d6 4.Be3 a6 5.Qd2 h6 6.a4 b6 7.f3 e6 8.Nh3 Ne7 9.Nf2 Nd7
10.Be2 Bb7 11.O-O Nf6 12.Rad1 d5 13.b4 a5 14.b5 Qd7 15.Nd3 O-O-O 16.Ne5 Qe8
17.Qc1 Rh7 18.Bd3 Nd7 19.Nc6 Nxc6 20.bxc6 Bxc6 21.Nb5 Kb7 22.c4 Bxb5 23.axb5 dxc4
24.Bxc4 Bf8 25.e5 f5 26.f4 Nb8 27.Be2 Ka7 28.Rd2 Bb4 29.Rc2 Qe7 30.Rd1 g5
31.fxg5 Ba3 32.Qa1 hxg5 33.Bxg5 Qxg5 34.Qxa3 Qh4 35.Qg3 Qxg3 36.hxg3 Kb7
37.Bf3+ Kc8 38.g4 f4 39.Kf2 Nd7 40.Rdc1 Nf8 41.Rc4 Kb8 42.Be4 Rf7 43.Rh1 Nd7
44.g5 Rg7 45.Rh6 Nf8 46.g6 c5 47.bxc6 Kc7 48.Kf3  1-0